| 000 | 01254nam a22002777a 4500 | ||
|---|---|---|---|
| 005 | 20210414174827.0 | ||
| 008 | 210414s1993 fr |||fr|||| 001 0 fre d | ||
| 020 | _a2940058018 | ||
| 040 |
_aCENDOC CAAAP _bspa _cCAAAP |
||
| 041 | _aspa | ||
| 050 |
_aFP 118 .J3 _bM16 |
||
| 100 | 1 |
_92144 _aMagnin, Jean |
|
| 245 |
_aChronique d´un Chasseur Dámer : _bun jésuite suisse en Amazonie au XVIII siécle / _cJean Magnin ; texto redactado y anotado por Thomas Henkel ; prefacio Louis Necker |
||
| 250 | _a1ra ed. | ||
| 260 |
_aGrolley, Suiza : _bEdition de l´Hébe , _c1993 |
||
| 300 | _a296 p. | ||
| 500 | _aDescription de la province et des missions de Maynas au Royaume de Quito par le R.P. Magnin | ||
| 505 | _aContiene : Préface -- UUn Fribourgeois sur la planeté -- La croix et le fouet -- Commentaires sur p´etablissement du texte -- Atat phisique de la provinceet des missions --Etat moral des missions | ||
| 610 | 0 |
_9230 _aJesuítas _xMisiones _zRío Amazonas _zPerú _zMaynas (Provincia) |
|
| 650 | 1 | 0 |
_931 _aMisiones Religiosas |
| 650 | 2 | 0 |
_964 _aEvangelización _zAmazonía |
| 650 | 2 | 0 |
_91820 _aCronistas |
| 700 | 1 |
_92148 _aHenkel, Thomas _eredacción y anotaciones |
|
| 700 | 1 |
_92149 _aNecker, Louis _eprefacio |
|
| 942 |
_2lcc _b14 - 04 - 21 _cBK |
||
| 999 |
_c884 _d884 |
||